000 00440nam a2200181Ia 4500
005 20240823031531.0
008 240823s9999||||xx |||||||||||||| ||und||
041 _aENGLISH
082 _A670.432 Q0
100 _aRangasamy M et al.
245 0 _aWorkshop Manual Practice
250 _a1st
260 _c2010
_bSri Krishna Publi
_aChennai
500 _aYES
650 _aWorkshop Practice
_bMechanical
942 _cBK
999 _c191299
_d191299